[Event "IV Festival Costa Viola A"]
[Site "Sant'Eufemia d'Aspromonte ITA"]
[Date "2011.01.05"]
[Round "8"]
[White "Gangemi, Salvatore"]
[Black "Kizov, Atanas"]
[Result "0-1"]
[WhiteElo "2096"]
[BlackElo "2392"]
[PlyCount "65"]
[EventDate "2011.01.02"]

1. c4 Nf6 2. Nf3 g6 3. g3 Bg7 4. Bg2 O-O 5. O-O d6 6. Nc3 c6 7. d4 Qb6 8. h3
Qa6 9. Qd3 Bf5 10. e4 Nxe4 11. Nxe4 d5 12. Nfd2 Rd8 13. g4 dxe4 14. Qa3 Qxa3
15. bxa3 Bxd4 16. Rb1 Be6 17. Rxb7 e3 18. Nf3 exf2+ 19. Kh1 Bxc4 20. Nxd4 Bxf1
21. Bxf1 Rxd4 22. Be3 Rd7 23. Rb2 a5 24. Bh6 Rd8 25. Rxf2 Nd7 26. Bg5 f6 27.
Bh6 Ne5 28. g5 f5 29. Re2 Rd5 30. Bg2 Rc5 31. Rd2 Kf7 32. Kh2 Rb8 33. Kg3 {...}
0-1

[Event "IV Festival Costa Viola A"]
[Site "Sant'Eufemia d'Aspromonte ITA"]
[Date "2011.01.05"]
[Round "8"]
[White "Martorelli, Antonio"]
[Black "Rotunno, Giuseppe"]
[Result "1-0"]
[WhiteElo "2242"]
[BlackElo "2062"]
[PlyCount "81"]
[EventDate "2011.01.02"]

1. e4 d6 2. d4 Nf6 3. Nc3 g6 4. Nf3 Bg7 5. Be3 c6 6. h3 Qa5 7. Bd2 Qc7 8. a4 b6
9. Bf4 Nfd7 10. Qd2 e5 11. Bh6 O-O 12. Bc4 Ba6 13. Ba2 exd4 14. Bxg7 Kxg7 15.
Qxd4+ Kg8 16. O-O-O Ne5 17. Qxd6 Qxd6 18. Rxd6 Nxf3 19. gxf3 Bb7 20. h4 Na6 21.
h5 Rad8 22. Rxd8 Rxd8 23. hxg6 hxg6 24. Bxf7+ Kg7 25. Bc4 Nb8 26. f4 Rf8 27.
Ne2 b5 28. Nd4 Bc8 29. axb5 cxb5 30. Nxb5 Rxf4 31. Nd6 Bd7 32. e5 Bc6 33. Re1
Nd7 34. b3 Rxf2 35. Nc8 a5 36. Na7 Nb8 37. e6 Be8 38. Bb5 Kf8 39. e7+ Kf7 40.
Bxe8+ Kxe8 41. Nb5 1-0

[Event "IV Festival Costa Viola A"]
[Site "Sant'Eufemia d'Aspromonte ITA"]
[Date "2011.01.05"]
[Round "8"]
[White "Pisacane, Pietro"]
[Black "Scerbo, Antonio"]
[Result "1-0"]
[WhiteElo "1920"]
[BlackElo "2123"]
[PlyCount "43"]
[EventDate "2011.01.02"]

1. d4 Nf6 2. c4 g6 3. Nc3 Bg7 4. e4 d6 5. Nf3 O-O 6. Be2 e5 7. dxe5 dxe5 8.
Qxd8 Rxd8 9. Nxe5 Nxe4 10. Nxe4 Bxe5 11. Bg5 Bxb2 12. Bxd8 Bxa1 13. Bxc7 Nc6
14. O-O Bg7 15. Nd6 Nd4 16. Bd3 Ne6 17. Ba5 b6 18. Be4 Rb8 19. Bb4 Ba6 20. Bd5
Bf8 21. Re1 Rd8 22. Rxe6 1-0

[Event "IV Festival Costa Viola A"]
[Site "Sant'Eufemia d'Aspromonte ITA"]
[Date "2011.01.05"]
[Round "8"]
[White "Cordi', Domenico"]
[Black "Luvera', Filippo"]
[Result "1/2-1/2"]
[WhiteElo "2053"]
[BlackElo "1930"]
[PlyCount "20"]
[EventDate "2011.01.02"]

1. e4 c5 2. Nf3 Nc6 3. d4 cxd4 4. Nxd4 Nf6 5. Nc3 d6 6. Be3 e6 7. f3 Be7 8. Qd2
O-O 9. O-O-O a6 10. g4 Qc7 1/2-1/2

[Event "IV Festival Costa Viola A"]
[Site "Sant'Eufemia d'Aspromonte ITA"]
[Date "2011.01.05"]
[Round "8"]
[White "Pinton, Maurizio"]
[Black "Balzano, Filli"]
[Result "1/2-1/2"]
[WhiteElo "2029"]
[BlackElo "1803"]
[PlyCount "133"]
[EventDate "2011.01.02"]

1. f4 d5 2. b3 Nf6 3. Bb2 c6 4. e3 Bg4 5. Be2 Bxe2 6. Qxe2 Nbd7 7. Nf3 e6 8.
O-O Be7 9. d3 O-O 10. Nbd2 Qc7 11. Ne5 Nxe5 12. fxe5 Nd7 13. d4 c5 14. Rac1
Rac8 15. c4 dxc4 16. bxc4 f5 17. Nf3 Nb6 18. Nd2 Rf7 19. Qf3 Qc6 20. Qg3 Rcf8
21. Nb3 Na4 22. Ba1 Qe4 23. Qf3 Qxf3 24. Rxf3 Rd8 25. Rd1 cxd4 26. exd4 Nb6 27.
Rc1 Bg5 28. Rc2 Rc7 29. Rfc3 Rdc8 30. Nc5 Kf7 31. Ra3 a6 32. Rb3 Rc6 33. Nxb7
Nxc4 34. Rbc3 Be7 35. Kf2 Bb4 36. Nd8+ Rxd8 37. Rxc4 Rxc4 38. Rxc4 a5 39. Rc7+
Kg6 40. Rc6 Kf7 41. Ke3 Ke7 42. Kd3 Kd7 43. Ra6 Rc8 44. Ra7+ Rc7 45. Rxc7+ Kxc7
46. Bc3 Bxc3 47. Kxc3 Kc6 48. Kc4 g5 49. d5+ exd5+ 50. Kd4 h5 51. a4 f4 52. e6
Kd6 53. e7 Kxe7 54. Kxd5 Kf6 55. Ke4 Ke6 56. h4 gxh4 57. Kxf4 Kf6 58. g4 h3 59.
g5+ Kg6 60. Kg3 Kxg5 61. Kxh3 Kf4 62. Kh4 Ke4 63. Kxh5 Kd4 64. Kg4 Kc4 65. Kf4
Kb4 66. Ke3 Kxa4 67. Kd2 1/2-1/2

[Event "IV Festival Costa Viola A"]
[Site "Sant'Eufemia d'Aspromonte ITA"]
[Date "2011.01.05"]
[Round "8"]
[White "Furnari, Franco"]
[Black "Carbone, Stefano"]
[Result "1/2-1/2"]
[WhiteElo "1942"]
[BlackElo "1905"]
[PlyCount "87"]
[EventDate "2011.01.02"]

1. e4 g6 2. d4 Bg7 3. Nf3 d6 4. Nc3 c6 5. Bc4 e6 6. O-O Nf6 7. Bg5 h6 8. Bh4
Qb6 9. Bb3 d5 10. Bxf6 Bxf6 11. e5 Bg7 12. Na4 Qc7 13. Nc5 Nd7 14. Nd3 O-O 15.
c3 c5 16. Bc2 b6 17. Nf4 Re8 18. Rc1 Nf8 19. Bb1 Bd7 20. h3 Rac8 21. Nh2 cxd4
22. cxd4 Qxc1 23. Qxc1 Rxc1 24. Rxc1 h5 25. Rc7 Rc8 26. Rxc8 Bxc8 27. Bd3 Nd7
28. g4 hxg4 29. Nxg4 Nb8 30. Ne2 Ba6 31. Bxa6 Nxa6 32. a3 Nb8 33. Kf1 Kf8 34.
Ke1 Ke7 35. Kd2 Nc6 36. f4 f5 37. Nh2 Bh6 38. Kc3 g5 39. fxg5 Bxg5 40. Nf3 Bh6
41. Ng3 Kf7 42. Nh5 Be3 43. Nf6 Ne7 44. b4 1/2-1/2

[Event "IV Festival Costa Viola A"]
[Site "Sant'Eufemia d'Aspromonte ITA"]
[Date "2011.01.06"]
[Round "9"]
[White "Lazic, Miroljub"]
[Black "Petkov, Vladimir"]
[Result "1/2-1/2"]
[WhiteElo "2488"]
[BlackElo "2506"]
[PlyCount "21"]
[EventDate "2011.01.02"]

1. e4 e5 2. Nf3 Nc6 3. Bc4 Nf6 4. d3 Bc5 5. O-O d6 6. c3 a6 7. Bb3 Ba7 8. Nbd2
O-O 9. h3 Ne7 10. Re1 Ng6 11. Nf1 1/2-1/2

[Event "IV Festival Costa Viola A"]
[Site "Sant'Eufemia d'Aspromonte ITA"]
[Date "2011.01.06"]
[Round "9"]
[White "Drasko, Milan"]
[Black "Rombaldoni, Axel"]
[Result "1-0"]
[WhiteElo "2486"]
[BlackElo "2453"]
[PlyCount "71"]
[EventDate "2011.01.02"]

1. Nf3 d5 2. g3 Nf6 3. Bg2 e6 4. O-O Be7 5. c4 O-O 6. b3 a5 7. Nc3 d4 8. Nb5 c5
9. e3 d3 10. Ne5 Ne8 11. Bb2 f6 12. Nf3 Nd6 13. Nc3 a4 14. Nxa4 Rxa4 15. bxa4
Nxc4 16. Bc3 Nc6 17. Ne1 N4a5 18. Qb1 c4 19. Qb5 e5 20. Bxc6 Nxc6 21. Qxc4+ Kh8
22. Qxd3 Qc7 23. f4 exf4 24. Rxf4 Bd6 25. Rh4 g5 26. Rxh7+ Qxh7 27. Qxd6 Kg7
28. Qc7+ Kg8 29. Qxh7+ Kxh7 30. Rb1 Rf7 31. Nf3 Kg6 32. Rb6 Be6 33. a5 Bd5 34.
Kf2 g4 35. Nh4+ Kg5 36. Rb5 1-0

[Event "IV Festival Costa Viola A"]
[Site "Sant'Eufemia d'Aspromonte ITA"]
[Date "2011.01.06"]
[Round "9"]
[White "Collutiis, Duilio"]
[Black "Martorelli, Antonio"]
[Result "1-0"]
[WhiteElo "2463"]
[BlackElo "2242"]
[PlyCount "93"]
[EventDate "2011.01.02"]

1. Nf3 Nf6 2. g3 g6 3. Bg2 Bg7 4. O-O O-O 5. Re1 d5 6. d3 c5 7. Nbd2 Nc6 8. e4
Rb8 9. c3 b6 10. a4 Ba6 11. exd5 Nxd5 12. Nb3 Rc8 13. a5 Nxa5 14. Nxa5 bxa5 15.
Ne5 e6 16. Qe2 Qc7 17. Nc4 Rfd8 18. Bg5 Bf6 19. Bxd5 Bxg5 20. Bxe6 Rb8 21. Bh3
Bxc4 22. dxc4 Rd2 23. Qg4 Bf6 24. Qf3 Kg7 25. Rab1 Rbxb2 26. Rxb2 Rxb2 27. Rd1
Qe5 28. Bf1 Qxc3 29. Rd3 Qc2 30. Rd7 Rb1 31. Qd5 Kh6 32. Qxf7 Rxf1+ 33. Kxf1
Qb1+ 34. Ke2 Qc2+ 35. Kf3 Qf5+ 36. Kg2 Qe4+ 37. Kh3 Qf5+ 38. Kg2 Qe4+ 39. f3
Qc2+ 40. Kf1 Qb1+ 41. Ke2 Qb2+ 42. Rd2 Qe5+ 43. Kf2 Qc3 44. Qf8+ Kh5 45. g4+
Kg5 46. Rd5+ Be5 47. h4+ 1-0

[Event "IV Festival Costa Viola A"]
[Site "Sant'Eufemia d'Aspromonte ITA"]
[Date "2011.01.06"]
[Round "9"]
[White "Cordi', Domenico"]
[Black "Dragojlovic, Andjelko"]
[Result "1/2-1/2"]
[WhiteElo "2053"]
[BlackElo "2383"]
[PlyCount "112"]
[EventDate "2011.01.02"]

1. d4 g6 2. c4 Nf6 3. Nc3 d5 4. cxd5 Nxd5 5. e4 Nxc3 6. bxc3 Bg7 7. Bc4 c5 8.
Be3 O-O 9. Ne2 Nc6 10. O-O Qc7 11. Rc1 Rd8 12. Qc2 Na5 13. Bb3 Nxb3 14. axb3 b6
15. Rfd1 e6 16. b4 c4 17. Qd2 Bb7 18. f3 f5 19. Nf4 Qf7 20. Qe2 b5 21. d5 exd5
22. exd5 Rd7 23. Qf2 Bxd5 24. Bd4 Rad8 25. Bxg7 Qxg7 26. Qc5 Qe5 27. Nxd5 Rxd5
28. Rxd5 Qxd5 29. Qxd5+ Rxd5 30. Ra1 Rd7 31. Ra5 Rb7 32. f4 Kf7 33. Ra6 Ke7 34.
h3 Kd7 35. Kf2 Kc8 36. g4 Rf7 37. gxf5 Rxf5 38. Kg3 Kb7 39. Re6 Rf7 40. Kg4 Rd7
41. h4 Rf7 42. Kg3 Kc8 43. Kg4 Kd7 44. Ra6 Ke8 45. Ra5 Rb7 46. Ra6 Kf7 47. Kg5
Kg7 48. h5 gxh5 49. Kxh5 Rd7 50. Kg4 Kf8 51. Ra5 Rb7 52. Kg5 Rg7+ 53. Kf5 Rb7
54. Kg5 Kg7 55. Ra6 Rd7 56. Ra5 Rb7 1/2-1/2

[Event "IV Festival Costa Viola A"]
[Site "Sant'Eufemia d'Aspromonte ITA"]
[Date "2011.01.06"]
[Round "9"]
[White "Gregori, Giacomo"]
[Black "Blasco, Domenico"]
[Result "1-0"]
[WhiteElo "1948"]
[BlackElo "1923"]
[PlyCount "75"]
[EventDate "2011.01.02"]

1. e4 g6 2. d4 Bg7 3. Nc3 d6 4. Be3 a6 5. Qd2 Nd7 6. h4 h5 7. Nh3 b5 8. Ng5 e6
9. O-O-O Bb7 10. f3 Ngf6 11. g3 Nb6 12. Bd3 Qd7 13. Rhe1 b4 14. Ne2 Qa4 15. Kb1
d5 16. e5 Nfd7 17. Nf4 Nc4 18. Qe2 Nxe3 19. Qxe3 Nb6 20. Nfxe6 fxe6 21. Nxe6
Kf7 22. Qg5 Rh6 23. Nd8+ Rxd8 24. Qxd8 Qe8 25. Qxc7+ Qe7 26. e6+ Ke8 27. Qxb6
Bf6 28. Bxa6 Bxa6 29. Qxa6 Kf8 30. Qa8+ Kg7 31. Qxd5 Rh8 32. Qc4 Ra8 33. d5 Qa7
34. Qb3 Bc3 35. bxc3 bxc3 36. Qxc3+ Kh7 37. e7 Qxa2+ 38. Kc1 1-0

[Event "IV Festival Costa Viola A"]
[Site "Sant'Eufemia d'Aspromonte ITA"]
[Date "2011.01.06"]
[Round "9"]
[White "Rotunno, Giuseppe"]
[Black "Pisacane, Pietro"]
[Result "1/2-1/2"]
[WhiteElo "2062"]
[BlackElo "1920"]
[PlyCount "133"]
[EventDate "2011.01.02"]

1. d4 Nf6 2. c4 g6 3. Nc3 Bg7 4. e4 d6 5. f3 Nbd7 6. Be3 c5 7. d5 Ne5 8. Qd2
O-O 9. Bh6 a6 10. g4 e6 11. h4 exd5 12. Bxg7 Kxg7 13. cxd5 Re8 14. Be2 h5 15.
O-O-O b5 16. gxh5 Nxh5 17. f4 Ng4 18. f5 gxf5 19. exf5 Bxf5 20. Rf1 Bd7 21. Nh3
f5 22. Rfg1 Qe7 23. Ng5 Qe3 24. Ne6+ Rxe6 25. dxe6 Qxd2+ 26. Kxd2 Bxe6 27. Bf3
d5 28. Re1 Bf7 29. Re7 Nhf6 30. Kc1 Rd8 31. h5 Rd6 32. h6+ Nxh6 33. Rxh6 Kxh6
34. Rxf7 Kg5 35. Ne2 Ne4 36. Rg7+ Kf6 37. Rc7 c4 38. Rc8 d4 39. Rf8+ Kg6 40.
Rg8+ Kf6 41. Bh5 d3 42. Nc3 Nxc3 43. bxc3 Ke5 44. a4 Rh6 45. Bd1 Rb6 46. a5 Rh6
47. Rb8 Kd5 48. Bf3+ Ke5 49. Rb6 Rh2 50. Bd1 Ra2 51. Rxa6 b4 52. cxb4 c3 53.
Kb1 Rb2+ 54. Ka1 Rxb4 55. Rc6 Kd4 56. a6 Rb5 57. Rf6 Ra5+ 58. Kb1 Ke3 59. Bc2
Kd2 60. Bxd3 Kxd3 61. Rd6+ Ke2 62. Kc2 Re5 63. Kxc3 f4 64. Kb4 Re8 65. Kb5 f3
66. Rf6 f2 67. a7 1/2-1/2

[Event "IV Festival Costa Viola A"]
[Site "Sant'Eufemia d'Aspromonte ITA"]
[Date "2011.01.06"]
[Round "9"]
[White "Balzano, Filli"]
[Black "Gangemi, Salvatore"]
[Result "1/2-1/2"]
[WhiteElo "1803"]
[BlackElo "2096"]
[PlyCount "160"]
[EventDate "2011.01.02"]

1. e4 d5 2. exd5 Nf6 3. d4 Nxd5 4. Bc4 c6 5. Nf3 Bg4 6. h3 Bh5 7. O-O e6 8. c3
Be7 9. Nbd2 Nd7 10. Ne4 Qc7 11. Re1 h6 12. Bb3 O-O 13. Qe2 Rfe8 14. Ng3 Bg6 15.
Ne5 Nxe5 16. dxe5 Rad8 17. Qg4 Bc5 18. h4 Kf8 19. h5 Bh7 20. Ne4 Qxe5 21. Bxh6
Bxe4 22. Rxe4 Qf6 23. Be3 Nxe3 24. fxe3 Qf5 25. Qxf5 exf5 26. Rxe8+ Rxe8 27.
Rd1 Rxe3 28. Kf1 Ke7 29. Re1 f4 30. Rxe3+ fxe3 31. Bd1 f5 32. Bf3 f4 33. Ke2
Kd6 34. Kd3 Ke5 35. Ke2 a5 36. Kd3 a4 37. b3 a3 38. Ke2 Kf5 39. Kd3 Kg5 40. Ke4
Bd6 41. Kd3 c5 42. c4 Kh4 43. Ke2 b6 44. Kd3 Be7 45. Ke2 Bf6 46. Kd3 Kg3 47.
Ke2 Bc3 48. Bd5 Kg4 49. Bf3+ Kf5 50. Kd3 Bb2 51. Bd5 Bc1 52. Bf3 Ke5 53. Bg4
Kd6 54. Bf3 Kc7 55. Be4 Kb8 56. Bf3 Ka7 57. Bc6 Ka6 58. Bb5+ Ka5 59. Bc6 Kb4
60. Bf3 Bd2 61. Bg4 Be1 62. Bf3 Bg3 63. Bg4 b5 64. Bf3 Bh4 65. Bg4 Bf6 66. Bf3
bxc4+ 67. bxc4 Bd4 68. Bg4 Ka5 69. Bf3 Kb6 70. Bg4 Be5 71. Bf3 Kc7 72. Bg4 Kd6
73. Bf3 Ke7 74. Bg4 Kf6 75. Bf3 Kg5 76. Ke2 Kh4 77. Kd3 Kg3 78. Ke2 Bc3 79. Bd5
Kh2 80. Bf3 Kg1 1/2-1/2

[Event "IV Festival Costa Viola A"]
[Site "Sant'Eufemia d'Aspromonte ITA"]
[Date "2011.01.06"]
[Round "9"]
[White "Carbone, Stefano"]
[Black "Pinton, Maurizio"]
[Result "1/2-1/2"]
[WhiteElo "1905"]
[BlackElo "2029"]
[PlyCount "31"]
[EventDate "2011.01.02"]

1. c4 b6 2. Nf3 Bb7 3. g3 e6 4. Bg2 Nf6 5. Nc3 Be7 6. O-O O-O 7. Re1 d6 8. e4
Nbd7 9. d4 c5 10. b3 a6 11. Bb2 Rc8 12. d5 e5 13. Qe2 Re8 14. Nh4 g6 15. Nf3
Bf8 16. a4 1/2-1/2